Begins with 'OB' Quiz Stats

 Plays Quiz Updated Mar 4, 2019

Also try: 'UNI'que Words
Challenge
Share
Tweet
Embed
Score 0/37 Timer 10:00
6 Plays Today
Clue Answer % Correct
An angle between 90 and 180 degreesObtuse
94.1%
You can never read this newspaper piece about your lifeObituary
92.9%
The condition of being extremely overweightObesity
91.3%
In classic wedding vows, the couple promises to Love, Honor and do thisObey
89.1%
Double-reeded woodwind instrument with almost a three octave rangeOboe
87.1%
Easily apparent to anyoneObvious
86.7%
Talk show host ConanO'Brien
86.5%
To disagree with a line of questioning, as in a courtroomObject
84.6%
Hurdle or barrierObstacle
81.4%
AcquireObtain
81.2%
Type of doctor that delivers babiesObstetrician
77.8%
Unaware of one's surroundings or behaviorOblivious
72.7%
ImpedeObstruct
70.3%
A place, such as The Palomar, to see starsObservatory
69.7%
Social, legal or moral dutyObligation
68.9%
To utterly remove from existenceObliterate
67.2%
Readily follows instructionsObedient
66%
Tall, tapering, four-sided stone pillar or monumentObelisk
62%
Having a rectangular shapeOblong
61.4%
Clue Answer % Correct
Antiquated and uselessObsolete
61%
Role played by Alec Guinness and Ewan McGregorObi-Wan Kenobi
60.5%
Shrouded or hidden by darknessObscure
55.1%
Describes one who is overly concerned with something or worries over unimportant mattersObsessive
46.7%
Author of 'The Audacity of Hope' and 'Dreams From My Father'Obama
44.6%
Mule-headedObstinate
43.8%
Black volcanic glassObsidian
43.6%
@#%!# or %*$*#! could be substitutions for thisObscenity
39.8%
The King of the FairiesOberon
38.9%
The Village Voice bestows these annual Off-Broadway awardsObies
37.1%
State of being completely forgotten; opposite of posterityOblivion
36.9%
A book of the Bible, or one of Jebediah Springfield's middle namesObadiah
35.8%
Notice that this is an anagram of the above answerObserve
33.7%
Brash and rude; 'in your face'Obnoxious
30.3%
This track from The Beatles' White Album was released as a single 6 years after the band broke upOb-La-Di, Ob-La-Da
29.1%
Friend of Asterix the Gaul, with a name similar to the above answerObelix
27%
The 'heads' side of a coinObverse
25.3%
Bavarian town famous for its Passion PlayOberammergau
7.8%

You're not logged in!

Compare scores with friends on all Sporcle quizzes.
OR
Log In

You Might Also Like...

Show Comments

Extras

Top Quizzes Today


Score Distribution

Your Account Isn't Verified!

In order to create a playlist on Sporcle, you need to verify the email address you used during registration. Go to your Sporcle Settings to finish the process.

Report this User

Report this user for behavior that violates our Community Guidelines.

Details: